[Event "SR 2. liga A 2009/2010"]
[Site "?"]
[Date "2009.12.12"]
[Round "5.5"]
[White "Manak, Jozef"]
[Black "Mosny, Jaroslav"]
[Result "1/2-1/2"]
[WhiteElo "2016"]
[BlackElo "2014"]
[PlyCount "92"]
[EventDate "2009.??.??"]
[WhiteTeam "Slovakia"]
[BlackTeam "II"]
[WhiteTeamCountry "SVK"]
[BlackTeamCountry "SVK"]

1. e4 e5 2. Nf3 d6 3. d4 exd4 4. Nxd4 g6 5. Bc4 Bg7 6. O-O Nf6 7. Nc3 O-O 8.
Bg5 Nbd7 9. Qe2 a6 10. a4 Ne5 11. Ba2 c5 12. Nb3 Be6 13. Rfd1 Qc7 14. a5 b5 15.
Nd2 c4 16. Be3 Rfe8 17. f3 d5 18. exd5 Bxd5 19. Nxd5 Nxd5 20. Ne4 Nxe3 21. Qxe3
Nc6 22. Qc5 Rad8 23. c3 f5 24. Nd6 Re5 25. Qb6 Re7 26. Qc5 Ne5 27. Qxc7 Rxc7
28. Rd5 Rcd7 29. Rad1 Nd3 30. R5xd3 Kf8 31. R3d2 Bh6 32. Rd5 Bf4 33. b3 cxb3
34. Bxb3 Rxd6 35. c4 bxc4 36. Bxc4 Rxd5 37. Rxd5 Rxd5 38. Bxd5 Bd2 39. Bc4 Bxa5
40. Bxa6 Bb6+ 41. Kf1 Bc7 42. h3 Ke7 43. Ke2 Kf6 44. g4 Kg5 45. Bc8 fxg4 46.
Bxg4 Kf4 1/2-1/2

[Event "SR 2. liga A 2009/2010"]
[Site "?"]
[Date "2009.12.12"]
[Round "5.5"]
[White "Mydlarik, Martin"]
[Black "Obdrzalkova, Anita"]
[Result "0-1"]
[WhiteElo "2169"]
[BlackElo "2004"]
[PlyCount "128"]
[EventDate "2009.??.??"]
[WhiteTeam "Slovakia"]
[BlackTeam "II"]
[WhiteTeamCountry "SVK"]
[BlackTeamCountry "SVK"]

1. e4 c5 2. Nf3 d6 3. g3 Nf6 4. d3 Nc6 5. Bg2 g6 6. O-O Bg7 7. c3 O-O 8. Bg5 h6
9. Be3 Qb6 10. Qc1 Ng4 11. Bd2 Nge5 12. Nxe5 Nxe5 13. Qc2 Nxd3 14. Qxd3 Qxb2
15. c4 Qxa1 16. Nc3 Qb2 17. Rb1 Qa3 18. Rb3 Qa6 19. Nd5 Qxa2 20. Nxe7+ Kh7 21.
h4 Be6 22. h5 Qa1+ 23. Kh2 Qe5 24. Bf4 Qxh5+ 25. Kg1 Be5 26. Bf3 Bg4 27. Bxg4
Qxg4 28. Nd5 Kg7 29. Ne3 Qe6 30. Nd5 Qg4 31. Be3 Kh7 32. Kg2 b6 33. f4 Bg7 34.
Bf2 h5 35. Rb1 Qd7 36. f5 Be5 37. Rh1 Kg7 38. Qf3 Qd8 39. Be3 Rh8 40. Rf1 Qd7
41. Bd2 h4 42. Bc3 hxg3 43. Qxg3 Rae8 44. Qg4 Qc8 45. Bxe5+ dxe5 46. Ne7 Qd8
47. f6+ Kf8 48. Nd5 Qc8 49. Qg3 Qa6 50. Qb3 Rd8 51. Rd1 Rh4 52. Kg3 Rh5 53. Kg2
Rg5+ 54. Kf2 Qc8 55. Rh1 Rh5 56. Rxh5 gxh5 57. Qg3 Qg4 58. Qxe5 Re8 59. Ne7 Rd8
60. Nd5 Re8 61. Ne7 h4 62. Qd5 h3 63. Nf5 Qf4+ 64. Kg1 h2+ 0-1

[Event "SR 2. liga A 2009/2010"]
[Site "?"]
[Date "2009.12.12"]
[Round "5.5"]
[White "Syrovy, Ivan"]
[Black "Kollarik, Gorazd"]
[Result "1-0"]
[WhiteElo "2088"]
[BlackElo "1898"]
[PlyCount "39"]
[EventDate "2009.??.??"]
[WhiteTeam "Slovakia"]
[BlackTeam "II"]
[WhiteTeamCountry "SVK"]
[BlackTeamCountry "SVK"]

1. e4 c5 2. Nf3 Nc6 3. d4 cxd4 4. Nxd4 Nf6 5. Nc3 e5 6. Ndb5 d6 7. Bg5 a6 8.
Na3 b5 9. Bxf6 gxf6 10. Nd5 f5 11. Bd3 Be6 12. c4 bxc4 13. Nxc4 Nd4 14. Ncb6
Bxd5 15. Nxd5 Qa5+ 16. b4 Qd8 17. Qa4+ Nb5 18. Bxb5+ axb5 19. Qxb5+ Qd7 20.
Nf6+ 1-0

[Event "SR 2. liga A 2009/2010"]
[Site "?"]
[Date "2009.12.12"]
[Round "5.6"]
[White "Diviak, Rastislav"]
[Black "Lukac, Tomas"]
[Result "1/2-1/2"]
[WhiteElo "2043"]
[BlackElo "1932"]
[PlyCount "120"]
[EventDate "2009.??.??"]
[WhiteTeam "Slovakia"]
[BlackTeam "II"]
[WhiteTeamCountry "SVK"]
[BlackTeamCountry "SVK"]

1. e4 c5 2. Nf3 Nc6 3. d4 cxd4 4. Nxd4 Nf6 5. Nc3 e5 6. Ndb5 d6 7. Bg5 a6 8.
Na3 b5 9. Bxf6 gxf6 10. Nd5 f5 11. c3 Bg7 12. exf5 Bxf5 13. Nc2 O-O 14. Nce3
Be6 15. Bd3 f5 16. O-O e4 17. Nf4 Bf7 18. Bc2 Be5 19. g3 Qg5 20. Ned5 Ra7 21.
f3 Ne7 22. Nxe7+ Rxe7 23. fxe4 Bc4 24. Bb3 fxe4 25. Bxc4+ bxc4 26. Qd5+ Kh8 27.
Ng2 Rg8 28. Rae1 e3 29. Rxe3 Qg6 30. Qxc4 Qc2 31. Qb3 Qg6 32. Ref3 Qg7 33. Rf7
Rxf7 34. Qxf7 Qg5 35. Qf3 Qd2 36. Qf2 Qd5 37. a3 Qb5 38. Nf4 Qb3 39. Qe2 Qb6+
40. Kh1 Qb7+ 41. Qg2 Qb3 42. Nd3 Bg7 43. Qe4 d5 44. Qe2 d4 45. Ne5 Qd5+ 46. Nf3
dxc3 47. bxc3 Bxc3 48. Qxa6 Ra8 49. Qe2 Rxa3 50. Qe8+ Qg8 51. Qxg8+ Kxg8 52.
Kg2 Ra1 53. Rxa1 Bxa1 54. g4 Bf6 55. h4 Kg7 56. g5 Bd8 57. Kg3 h6 58. Kg4 Bxg5
59. Nxg5 hxg5 60. hxg5 Kg6 1/2-1/2

[Event "SR 2. liga A 2009/2010"]
[Site "?"]
[Date "2009.12.12"]
[Round "5.6"]
[White "Jancicka, Viliam"]
[Black "Michal, Silvio"]
[Result "0-1"]
[WhiteElo "1675"]
[BlackElo "2105"]
[PlyCount "62"]
[EventDate "2009.??.??"]
[WhiteTeam "Slovakia"]
[BlackTeam "II"]
[WhiteTeamCountry "SVK"]
[BlackTeamCountry "SVK"]

1. c4 Nf6 2. d4 e6 3. Nc3 Bb4 4. Nf3 O-O 5. Qc2 d5 6. Bg5 c5 7. Rd1 cxd4 8.
Nxd4 Nc6 9. e3 e5 10. Nxc6 bxc6 11. cxd5 cxd5 12. Be2 Qa5 13. Bxf6 gxf6 14. O-O
Be6 15. a3 Bxc3 16. Qxc3 Qxc3 17. bxc3 Rfc8 18. Rc1 Rab8 19. f4 Rb3 20. f5 Bd7
21. g4 Rcxc3 22. Rxc3 Rxc3 23. Kf2 Rxa3 24. Rb1 Ra2 25. h4 d4 26. h5 d3 27. h6
Rxe2+ 28. Kf1 Kf8 29. Rb7 Bc6 30. Rxa7 Bf3 31. e4 d2 0-1

[Event "SR 2. liga A 2009/2010"]
[Site "?"]
[Date "2009.12.12"]
[Round "5.6"]
[White "Krajnak, Robert"]
[Black "Ochrana, Ladislav"]
[Result "1-0"]
[WhiteElo "2096"]
[BlackElo "2074"]
[PlyCount "69"]
[EventDate "2009.??.??"]
[WhiteTeam "Slovakia"]
[BlackTeam "II"]
[WhiteTeamCountry "SVK"]
[BlackTeamCountry "SVK"]

1. c4 c5 2. Nf3 Nf6 3. d4 cxd4 4. Nxd4 Nc6 5. g3 Qa5+ 6. Nc3 Nxd4 7. Qxd4 e6 8.
Bg2 Bc5 9. Qd3 O-O 10. O-O Qc7 11. Bf4 e5 12. Bg5 Be7 13. Rfd1 a6 14. Rac1 Rb8
15. Nd5 Nxd5 16. cxd5 Qd6 17. Bxe7 Qxe7 18. d6 Qd8 19. Rc7 b5 20. Rdc1 Qf6 21.
Qc3 g6 22. Qc5 b4 23. Qa7 Rb5 24. Rxc8 Qxd6 25. Rxf8+ Kxf8 26. Qe3 Kg7 27. Qd3
Qe6 28. b3 d5 29. e4 d4 30. f4 f6 31. Rc7+ Kh6 32. fxe5 fxe5 33. Qd2+ g5 34. h4
Qg4 35. Kh2 1-0

[Event "SR 2. liga A 2009/2010"]
[Site "?"]
[Date "2009.12.12"]
[Round "5.6"]
[White "Krist, Milan"]
[Black "Slaby, Jozef"]
[Result "1-0"]
[WhiteElo "2013"]
[BlackElo "1963"]
[PlyCount "89"]
[EventDate "2009.??.??"]
[WhiteTeam "Slovakia"]
[BlackTeam "II"]
[WhiteTeamCountry "SVK"]
[BlackTeamCountry "SVK"]

1. c4 Nf6 2. Nc3 d6 3. d4 g6 4. Nf3 Bg7 5. e4 O-O 6. Bd3 c5 7. d5 a6 8. O-O Bd7
9. h3 Qc7 10. Qc2 e6 11. Bd2 Qc8 12. e5 dxe5 13. Nxe5 exd5 14. Nxd5 Nxd5 15.
Nxd7 Nxd7 16. cxd5 Nf6 17. Rac1 b6 18. b4 cxb4 19. Bxb4 Qxc2 20. Rxc2 Rfd8 21.
d6 Bf8 22. Rc6 a5 23. Ba3 Rab8 24. Rb1 Nd7 25. Be2 Bg7 26. Bb5 Ne5 27. Rc7 Bf8
28. f4 Nf3+ 29. gxf3 Bxd6 30. Bxd6 Rxd6 31. Re1 Rf6 32. Re4 h5 33. h4 Rd8 34.
Rc2 Rfd6 35. Kf2 Kg7 36. a4 Kh6 37. Rc6 f6 38. Re6 Rd2+ 39. Re2 R2d6 40. Kg3
Rxc6 41. Bxc6 Rd1 42. Re6 Kg7 43. Bb5 Rg1+ 44. Kh2 Rc1 45. Rxb6 1-0

[Event "SR 2. liga A 2009/2010"]
[Site "?"]
[Date "2009.12.12"]
[Round "5.6"]
[White "Lesny, Stefan"]
[Black "Skara, Vladimir"]
[Result "1-0"]
[WhiteElo "2086"]
[BlackElo "2126"]
[PlyCount "47"]
[EventDate "2009.??.??"]
[WhiteTeam "Slovakia"]
[BlackTeam "II"]
[WhiteTeamCountry "SVK"]
[BlackTeamCountry "SVK"]

1. e4 e6 2. f4 d5 3. e5 c5 4. Nf3 Nc6 5. c3 Bd7 6. d3 Nge7 7. g3 Nf5 8. Bg2 Be7
9. Qe2 O-O 10. Nbd2 b5 11. a3 a5 12. Nf1 d4 13. g4 Nh4 14. Nxh4 Bxh4+ 15. Ng3
f6 16. exf6 Bxf6 17. g5 dxc3 18. gxf6 Nd4 19. Qf2 Nb3 20. fxg7 Rf7 21. Rb1 Rc8
22. bxc3 a4 23. Be3 e5 24. Bd5 1-0

[Event "SR 2. liga A 2009/2010"]
[Site "?"]
[Date "2009.12.12"]
[Round "5.6"]
[White "Padysak, Tomas"]
[Black "Milanov, Jasen"]
[Result "1/2-1/2"]
[WhiteElo "2022"]
[BlackElo "2022"]
[PlyCount "89"]
[EventDate "2009.??.??"]
[WhiteTeam "Slovakia"]
[BlackTeam "II"]
[WhiteTeamCountry "SVK"]
[BlackTeamCountry "SVK"]

1. e4 e6 2. d3 d5 3. Nd2 c5 4. g3 Nc6 5. Bg2 Nf6 6. Ngf3 Be7 7. O-O O-O 8. Re1
Qc7 9. e5 Nd7 10. Qe2 b6 11. Nf1 Bb7 12. h4 Rfe8 13. Bf4 Nf8 14. h5 Qd7 15.
N1h2 f6 16. exf6 Bxf6 17. Ne5 Nxe5 18. Bxe5 Qf7 19. Ng4 Nd7 20. Bxf6 Nxf6 21.
Bf3 Nxg4 22. Bxg4 e5 23. Qf3 Re7 24. Qxf7+ Kxf7 25. Bf5 g6 26. hxg6+ hxg6 27.
Bh3 Rae8 28. Bg2 Kf6 29. Rad1 g5 30. c4 Rd8 31. Kf1 dxc4 32. Bxb7 Rxb7 33. dxc4
Rbd7 34. Rxd7 Rxd7 35. Ke2 Rd4 36. Rc1 Kf5 37. b3 g4 38. Rh1 Re4+ 39. Kd2 Rd4+
40. Ke2 Rd7 41. Ke3 Kf6 42. Rh8 Kf5 43. Rf8+ Ke6 44. Rg8 Kf5 45. Rf8+ 1/2-1/2

[Event "SR 2. liga A 2009/2010"]
[Site "?"]
[Date "2009.12.12"]
[Round "5.7"]
[White "Antala, Jan"]
[Black "Farkas, Vladimir"]
[Result "1-0"]
[WhiteElo "1982"]
[BlackElo "1959"]
[PlyCount "125"]
[EventDate "2009.??.??"]
[WhiteTeam "Slovakia"]
[BlackTeam "II"]
[WhiteTeamCountry "SVK"]
[BlackTeamCountry "SVK"]

1. e4 d6 2. d4 Nf6 3. Nc3 g6 4. f4 Bg7 5. Nf3 O-O 6. Bd3 Nc6 7. O-O Bg4 8. Be3
e5 9. Ne2 exd4 10. Nexd4 Nb4 11. c3 Nxd3 12. Qxd3 Re8 13. Nd2 Qe7 14. f5 Nxe4
15. fxg6 hxg6 16. Rae1 Nc5 17. Qc4 Qd7 18. b4 Ne4 19. Nb5 Nxd2 20. Bxd2 Rxe1
21. Bxe1 Be6 22. Qe2 Bg4 23. Qc4 d5 24. Qf4 Be2 25. Nxc7 Bxf1 26. Nxa8 Bc4 27.
Qb8+ Kh7 28. Qxa7 Qe7 29. Qf2 Bh6 30. Bd2 Bxd2 31. Qxd2 Qd8 32. Qf4 Kg8 33. Nc7
Qe7 34. Qg3 g5 35. h4 f6 36. a4 Kf7 37. hxg5 fxg5 38. Nb5 Kg6 39. Nd4 Qe4 40.
a5 Kf6 41. Qd6+ Kf7 42. Qd7+ Kg6 43. Qe6+ Qxe6 44. Nxe6 Kf6 45. Nc5 Ke5 46. Kf2
d4 47. cxd4+ Kxd4 48. Nxb7 Kd5 49. Nc5 Kd6 50. Ne4+ Kc6 51. Nc3 Bd3 52. Ke3 Bf5
53. Kd4 Bd7 54. b5+ Kb7 55. Kc5 g4 56. g3 Ka7 57. Ne4 Bf5 58. Kd5 Bd7 59. b6+
Kb8 60. a6 Ka8 61. Nc5 Bb5 62. Kd6 Be2 63. b7+ 1-0

[Event "SR 2. liga A 2009/2010"]
[Site "?"]
[Date "2009.12.12"]
[Round "5.7"]
[White "Gono, Michal"]
[Black "Klanica, Anton"]
[Result "1-0"]
[WhiteElo "1852"]
[BlackElo "1894"]
[PlyCount "73"]
[EventDate "2009.??.??"]
[WhiteTeam "Slovakia"]
[BlackTeam "II"]
[WhiteTeamCountry "SVK"]
[BlackTeamCountry "SVK"]

1. d4 Nf6 2. Nf3 d5 3. Bf4 Bf5 4. e3 Nbd7 5. Bd3 Bxd3 6. Qxd3 e6 7. Nbd2 Bb4 8.
c3 Be7 9. O-O O-O 10. e4 dxe4 11. Nxe4 Nxe4 12. Qxe4 c6 13. Ne5 Nf6 14. Qe2 Nd5
15. Bg3 Bd6 16. Rae1 Bxe5 17. Bxe5 Ne7 18. h3 Ng6 19. Bg3 Qa5 20. a3 Rad8 21.
Qc4 Rd5 22. a4 Rfd8 23. b4 Qb6 24. a5 Qb5 25. Qb3 Qd3 26. Re3 Qf5 27. Qc4 a6
28. Qe2 Qf6 29. Re1 Rf5 30. Be5 Qe7 31. g4 Qg5 32. Rg3 Nf4 33. Qe4 Rxe5 34.
Qxe5 Qh6 35. g5 Qh4 36. Re4 Nxh3+ 37. Kg2 1-0

[Event "SR 2. liga A 2009/2010"]
[Site "?"]
[Date "2009.12.12"]
[Round "5.7"]
[White "Hecht, Tomas"]
[Black "Stefan, Oldrich"]
[Result "1-0"]
[WhiteElo "1991"]
[BlackElo "2015"]
[PlyCount "51"]
[EventDate "2009.??.??"]
[WhiteTeam "Slovakia"]
[BlackTeam "II"]
[WhiteTeamCountry "SVK"]
[BlackTeamCountry "SVK"]

1. e4 c5 2. c3 d5 3. exd5 Qxd5 4. d4 Nc6 5. Nf3 Bg4 6. Be2 Nf6 7. c4 Qh5 8. d5
Ne5 9. Nbd2 g6 10. O-O Bg7 11. Re1 Nxf3+ 12. Bxf3 Kf8 13. Qb3 Bxf3 14. Nxf3 b6
15. a4 Bh6 16. Re5 g5 17. Nxg5 Qg6 18. Qf3 Rg8 19. h4 Bxg5 20. Bxg5 Rd8 21.
Rae1 h6 22. h5 Qg7 23. Bh4 Rd7 24. d6 Rxd6 25. Rxe7 Qg4 26. Bxf6 1-0

[Event "SR 2. liga A 2009/2010"]
[Site "?"]
[Date "2009.12.12"]
[Round "5.7"]
[White "Sustak, Roman"]
[Black "Merva, Frantisek"]
[Result "0-1"]
[WhiteElo "1923"]
[BlackElo "2053"]
[PlyCount "111"]
[EventDate "2009.??.??"]
[WhiteTeam "Slovakia"]
[BlackTeam "II"]
[WhiteTeamCountry "SVK"]
[BlackTeamCountry "SVK"]

1. Nf3 Nf6 2. g3 b6 3. Bg2 Bb7 4. O-O d6 5. d3 Nbd7 6. b3 g6 7. Bb2 Bg7 8. Nbd2
O-O 9. e4 e5 10. Re1 Re8 11. d4 exd4 12. Nxd4 Nc5 13. f3 h5 14. Ne2 h4 15. Rb1
hxg3 16. hxg3 Nh5 17. Bxg7 Kxg7 18. Nf1 Qf6 19. Qd4 Rad8 20. Rbd1 d5 21. Qxf6+
Nxf6 22. b4 dxe4 23. f4 Rxd1 24. Rxd1 Na4 25. Ne3 Ba6 26. c4 Nb2 27. Rc1 Rd8
28. Rc2 Nd1 29. Nf1 e3 30. Bf3 Bc8 31. Nc3 Nxc3 32. Rxc3 e2 33. Bxe2 Bb7 34.
Rd3 Rxd3 35. Bxd3 Be4 36. Be2 Bb1 37. a3 Ne4 38. Kg2 c5 39. Kf3 cxb4 40. axb4
Kf6 41. Ke3 Ke6 42. Kd4 Kd6 43. Bf3 f5 44. Ne3 Nxg3 45. c5+ bxc5+ 46. bxc5+ Ke6
47. Bd5+ Ke7 48. Nc4 Ba2 49. Ne3 Ne2+ 50. Ke5 Bxd5 51. Nxd5+ Kd7 52. c6+ Kxc6
53. Ne7+ Kc5 54. Nxg6 Nd4 55. Ne7 a5 56. Nxf5 0-1

[Event "SR 2. liga A 2009/2010"]
[Site "?"]
[Date "2009.12.12"]
[Round "5.7"]
[White "Zacik, Anton"]
[Black "Niznansky, Lukas"]
[Result "1-0"]
[WhiteElo "2018"]
[BlackElo "1523"]
[PlyCount "74"]
[EventDate "2009.??.??"]
[WhiteTeam "Slovakia"]
[BlackTeam "II"]
[WhiteTeamCountry "SVK"]
[BlackTeamCountry "SVK"]

1. e4 e5 2. Nf3 Nc6 3. Bb5 a6 4. Bxc6 dxc6 5. O-O Bd6 6. d4 exd4 7. Qxd4 f6 8.
h3 Ne7 9. Nc3 O-O 10. Be3 Be6 11. Nh2 Qd7 12. f4 Rad8 13. Qd1 c5 14. Qe2 Nc6
15. Rad1 Qf7 16. b3 b5 17. Nf3 Rfe8 18. Qf2 c4 19. Rfe1 Bb4 20. Bd2 Qe7 21. Nd5
Qf8 22. Bxb4 Nxb4 23. Nxc7 Re7 24. Nxe6 Rxe6 25. a3 Nc6 26. Rxd8 Qxd8 27. b4
Qe8 28. Qe3 Qc8 29. Qc5 Re8 30. e5 fxe5 31. Qd5+ Kh8 32. fxe5 Qe6 33. Qe4 Qe7
34. Qxc6 Qa7+ 35. Qc5 Qb7 36. e6 h6 37. Qd6 Qc8 1-0

[Event "SR 2. liga A 2009/2010"]
[Site "?"]
[Date "2009.12.12"]
[Round "5.7"]
[White "Zarecky, Eduard"]
[Black "Pericka, Tomas"]
[Result "1-0"]
[WhiteElo "1947"]
[BlackElo "1910"]
[PlyCount "81"]
[EventDate "2009.??.??"]
[WhiteTeam "Slovakia"]
[BlackTeam "II"]
[WhiteTeamCountry "SVK"]
[BlackTeamCountry "SVK"]

1. d4 Nf6 2. c4 e6 3. Nc3 Bb4 4. Bd2 O-O 5. Nf3 d5 6. e3 c6 7. a3 Bxc3 8. Bxc3
Ne4 9. Qc2 Nd7 10. Bd3 f5 11. c5 b6 12. b4 Bb7 13. Bb2 Qc8 14. Qe2 a5 15. O-O
Ba6 16. Ne1 Bxd3 17. Nxd3 b5 18. f3 Nef6 19. Qe1 Qc7 20. Qh4 Ra7 21. Rae1 axb4
22. Nxb4 Raa8 23. Qf4 Rac8 24. Nd3 Qxf4 25. exf4 Kf7 26. Rf2 Ra8 27. Rfe2 Rfe8
28. Nb4 Nb8 29. Ra1 Re7 30. Nd3 Ne8 31. Kf2 Rea7 32. Rae1 Nc7 33. g4 g6 34. h4
Ra4 35. h5 Ke7 36. hxg6 hxg6 37. Rh1 Nd7 38. Rh7+ Ke8 39. g5 Rc8 40. Rh8+ Nf8
41. Ne5 1-0

[Event "SR 2. liga A 2009/2010"]
[Site "?"]
[Date "2009.12.12"]
[Round "5.8"]
[White "Danada, Ondrej"]
[Black "Gajarsky, Julius"]
[Result "0-1"]
[WhiteElo "1884"]
[BlackElo "1802"]
[PlyCount "124"]
[EventDate "2009.??.??"]
[WhiteTeam "Slovakia"]
[BlackTeam "II"]
[WhiteTeamCountry "SVK"]
[BlackTeamCountry "SVK"]

1. e4 c5 2. Nf3 d6 3. d4 cxd4 4. Nxd4 Nf6 5. Nc3 a6 6. Bg5 e6 7. f4 Be7 8. Qf3
Qb6 9. O-O-O Nc6 10. Nb3 Qc7 11. g4 b5 12. Bxf6 gxf6 13. f5 Ne5 14. Qh3 Bb7 15.
fxe6 fxe6 16. Qh5+ Ng6 17. Bd3 O-O-O 18. Rhf1 b4 19. Ne2 Kb8 20. Nbd4 Qc8 21.
Qa5 Ne5 22. Qxb4 Ka8 23. h3 Nxd3+ 24. Rxd3 Bxe4 25. Rc3 Qd7 26. Ra3 Bb7 27. Rb3
Rb8 28. Qb6 Bd8 29. Qb4 Be7 30. Qb6 Bd8 31. Qb4 Bc7 32. Rxf6 Bd8 33. Rxe6 Bg5+
34. Kb1 Bd5 35. Rxd6 Rxb4 36. Rxd7 Bxb3 37. axb3 Rd8 38. Rxd8+ Bxd8 39. Nc6 Re4
40. Ng3 Re1+ 41. Ka2 Bc7 42. Nf5 Rh1 43. h4 Rg1 44. g5 Rf1 45. Ng7 Kb7 46. Nb4
Rf4 47. Nd5 Rxh4 48. Nxc7 Kxc7 49. Ne8+ Kd8 50. Nf6 Ke7 51. Ka3 Kf7 52. b4 Kg6
53. Ka4 Kxg5 54. Nxh7+ Rxh7 55. Ka5 Rh6 56. b5 axb5 57. Kxb5 Rh2 58. c4 Rxb2+
59. Kc6 Kf6 60. c5 Ke6 61. Kc7 Kd5 62. c6 Rc2 0-1

[Event "SR 2. liga A 2009/2010"]
[Site "?"]
[Date "2009.12.12"]
[Round "5.8"]
[White "Hoferek, Peter"]
[Black "Kuna, Vladimir"]
[Result "1/2-1/2"]
[WhiteElo "1885"]
[BlackElo "2063"]
[PlyCount "36"]
[EventDate "2009.??.??"]
[WhiteTeam "Slovakia"]
[BlackTeam "II"]
[WhiteTeamCountry "SVK"]
[BlackTeamCountry "SVK"]

1. e4 c5 2. Nf3 d6 3. d4 cxd4 4. Nxd4 Nf6 5. Nc3 a6 6. Bg5 e6 7. f4 Nbd7 8. Qf3
Qc7 9. O-O-O b5 10. Bd3 Bb7 11. Rhe1 Be7 12. Nd5 Nxd5 13. exd5 Nf6 14. Bxf6
gxf6 15. Nxe6 fxe6 16. Rxe6 O-O-O 17. Rde1 Bf8 18. Rxf6 Kb8 1/2-1/2

[Event "SR 2. liga A 2009/2010"]
[Site "?"]
[Date "2009.12.12"]
[Round "5.8"]
[White "Petrik, Karol"]
[Black "Pekar, Jozef"]
[Result "0-1"]
[WhiteElo "1519"]
[BlackElo "1960"]
[PlyCount "56"]
[EventDate "2009.??.??"]
[WhiteTeam "Slovakia"]
[BlackTeam "II"]
[WhiteTeamCountry "SVK"]
[BlackTeamCountry "SVK"]

1. e4 c6 2. d4 d5 3. e5 Bf5 4. f4 e6 5. Nf3 c5 6. Bb5+ Nc6 7. Nc3 Qb6 8. O-O a6
9. Ba4 cxd4 10. Nxd4 Bc5 11. Nce2 Nge7 12. Kh1 Be4 13. c3 O-O 14. Bxc6 Nxc6 15.
Nxc6 bxc6 16. Ng3 Bg6 17. Qe2 a5 18. b3 Rfb8 19. f5 exf5 20. Nxf5 Re8 21. Ng3
Re6 22. Bf4 Rae8 23. Rae1 f6 24. c4 fxe5 25. Bg5 e4 26. cxd5 cxd5 27. Rd1 d4
28. Qc4 h6 0-1

[Event "SR 2. liga A 2009/2010"]
[Site "?"]
[Date "2009.12.12"]
[Round "5.8"]
[White "Raczko, Peter"]
[Black "Sosovicka, Matej"]
[Result "1/2-1/2"]
[WhiteElo "1962"]
[BlackElo "1832"]
[PlyCount "65"]
[EventDate "2009.??.??"]
[WhiteTeam "Slovakia"]
[BlackTeam "II"]
[WhiteTeamCountry "SVK"]
[BlackTeamCountry "SVK"]

1. e4 e5 2. Nf3 Nc6 3. Bc4 Nf6 4. d3 Be7 5. Nc3 d6 6. Bg5 Na5 7. Bxf6 Bxf6 8.
Nd5 Nxc4 9. dxc4 Bg4 10. Qd3 c6 11. Nxf6+ Qxf6 12. Nd2 O-O-O 13. f3 Be6 14.
O-O-O Kb8 15. Kb1 d5 16. cxd5 cxd5 17. exd5 Rxd5 18. Qe2 Rhd8 19. Ne4 Qe7 20.
Nc3 Rxd1+ 21. Rxd1 Rxd1+ 22. Qxd1 Qd7 23. Qxd7 Bxd7 24. Ne4 f6 25. Kc1 Kc7 26.
Kd2 Kc6 27. Ke3 Kd5 28. c3 b5 29. Nd2 Be6 30. b3 Kc5 31. g3 f5 32. Kd3 Bd5 33.
Ke3 1/2-1/2

[Event "SR 2. liga A 2009/2010"]
[Site "?"]
[Date "2009.12.12"]
[Round "5.8"]
[White "Steinecker, Frantisek"]
[Black "Curidlo, Jan"]
[Result "1/2-1/2"]
[WhiteElo "1712"]
[BlackElo "1938"]
[PlyCount "139"]
[EventDate "2009.??.??"]
[WhiteTeam "Slovakia"]
[BlackTeam "II"]
[WhiteTeamCountry "SVK"]
[BlackTeamCountry "SVK"]

1. e4 d5 2. exd5 Qxd5 3. d4 Nf6 4. Nc3 Qa5 5. Bd3 c6 6. h3 e6 7. Nf3 Nbd7 8.
Bd2 Qc7 9. O-O Be7 10. Qe2 O-O 11. Nd1 b5 12. a3 a5 13. Ne3 Re8 14. c4 bxc4 15.
Bxc4 Ne4 16. Rac1 Qa7 17. Bd3 Nxd2 18. Qxd2 Bb7 19. Ng4 Nf8 20. Qf4 Qb8 21. Qe3
Qd8 22. Rfd1 Bd6 23. Nfe5 f5 24. Nh2 Bxe5 25. dxe5 Qe7 26. Bc4 Red8 27. Nf3 c5
28. Qg5 Rxd1+ 29. Rxd1 Qf7 30. Qe3 Rc8 31. Ng5 Qe7 32. Rd6 Bd5 33. Bxd5 exd5
34. Rxd5 h6 35. Nf3 Ne6 36. Qd3 Nf4 37. Rd7 Nxd3 38. Rxe7 Nxb2 39. Nh4 c4 40.
Nxf5 c3 41. Ne3 c2 42. Nxc2 Rxc2 43. e6 Re2 44. Re8+ Kh7 45. e7 Na4 46. Ra8
Rxe7 47. Rxa5 Nb6 48. f4 Nc4 49. Ra4 Nb2 50. Ra6 Nd3 51. f5 Nc5 52. Ra8 Re5 53.
g4 h5 54. Kg2 hxg4 55. hxg4 Re4 56. Kf3 Ra4 57. Rxa4 Nxa4 58. Kf4 Kg8 59. Ke5
Kf7 60. g5 Nb6 61. Kd4 Ke7 62. Kc5 Nd7+ 63. Kb5 Kd6 64. a4 Kc7 65. a5 Ne5 66.
a6 Nf7 67. a7 Kb7 68. a8=Q+ Kxa8 69. Kc6 Nxg5 70. Kd6 1/2-1/2

[Event "SR 2. liga A 2009/2010"]
[Site "?"]
[Date "2009.12.12"]
[Round "5.8"]
[White "Ujhelyi, Matus"]
[Black "Soldan, Jan"]
[Result "1-0"]
[WhiteElo "1983"]
[BlackElo "1909"]
[PlyCount "73"]
[EventDate "2009.??.??"]
[WhiteTeam "Slovakia"]
[BlackTeam "II"]
[WhiteTeamCountry "SVK"]
[BlackTeamCountry "SVK"]

1. e4 c5 2. Nf3 d6 3. d4 cxd4 4. Nxd4 Nf6 5. Nc3 a6 6. Be2 e6 7. a4 Be7 8. O-O
O-O 9. Be3 Nc6 10. f4 Qc7 11. Qe1 b6 12. Qg3 Bb7 13. f5 Nxd4 14. Bxd4 e5 15.
Be3 Bxe4 16. Bh6 g6 17. h4 Rac8 18. fxg6 fxg6 19. Rxf6 Bxf6 20. Nxe4 Bg7 21.
Bxg7 Kxg7 22. c4 Rce8 23. b3 Rf4 24. Bf3 Rff8 25. Rd1 Qe7 26. Qg5 Qc7 27. Rd5
Rf5 28. Qg3 Qe7 29. Nxd6 Rff8 30. Qg5 Rf6 31. Ne4 Qb4 32. Rd7+ Kh8 33. Rd1 Rf5
34. Qh6 Qe7 35. Ng5 Rff8 36. Bc6 Qc5+ 37. Kh2 1-0

[Event "SR 2. liga A 2009/2010"]
[Site "?"]
[Date "2010.01.09"]
[Round "6.1"]
[White "Arendas, Marek"]
[Black "Likavsky, Tomas"]
[Result "1/2-1/2"]
[WhiteElo "2077"]
[BlackElo "2478"]
[PlyCount "68"]
[EventDate "2009.??.??"]
[WhiteTeam "Slovakia"]
[BlackTeam "II"]
[WhiteTeamCountry "SVK"]
[BlackTeamCountry "SVK"]

1. e4 c5 2. Nf3 d6 3. Bb5+ Nd7 4. d4 cxd4 5. Qxd4 a6 6. Be2 Ngf6 7. O-O g6 8.
c4 Bg7 9. Nc3 O-O 10. h3 b6 11. Rd1 Bb7 12. Qe3 Qb8 13. Rb1 Rc8 14. Bd2 Nc5 15.
e5 dxe5 16. Nxe5 b5 17. b4 Nce4 18. Nd7 Nxd7 19. Nxe4 bxc4 20. Nc5 Nb6 21. Bc3
Bxc3 22. Qxc3 e6 23. Bxc4 Nxc4 24. Qxc4 Bd5 25. Qd4 Qc7 26. a3 Qc6 27. Rbc1
Rab8 28. Nxe6 Qxe6 29. Rxc8+ Rxc8 30. Qxd5 Qe2 31. Qd3 Qe6 32. Qd6 Qc4 33. Qd3
Qe6 34. Qd6 Qc4 1/2-1/2

[Event "SR 2. liga A 2009/2010"]
[Site "?"]
[Date "2010.01.09"]
[Round "6.1"]
[White "Bezuch, Martin"]
[Black "Kleman, Miroslav"]
[Result "1/2-1/2"]
[WhiteElo "2203"]
[BlackElo "2222"]
[PlyCount "72"]
[EventDate "2009.??.??"]
[WhiteTeam "Slovakia"]
[BlackTeam "II"]
[WhiteTeamCountry "SVK"]
[BlackTeamCountry "SVK"]

1. e4 c5 2. Nf3 d6 3. d4 cxd4 4. Nxd4 Nf6 5. Nc3 Nc6 6. Bg5 e6 7. Qd2 h6 8. Be3
Be7 9. O-O-O a6 10. f4 Nxd4 11. Bxd4 b5 12. Kb1 Bb7 13. Bd3 O-O 14. e5 dxe5 15.
fxe5 Nd7 16. Ne4 Bxe4 17. Bxe4 Rb8 18. Ba7 Nxe5 19. Qc3 Bd6 20. Qd4 Bc7 21. Qc5
Qc8 22. Rhe1 Nc4 23. Bxb8 Qxb8 24. g3 Be5 25. c3 Rc8 26. Qe7 b4 27. Qxb4 Qc7
28. Qb7 Na3+ 29. Ka1 Nc2+ 30. Kb1 Na3+ 31. Kc1 Bf4+ 32. gxf4 Qxf4+ 33. Rd2 Rd8
34. Red1 Rxd2 35. Rxd2 Qf1+ 36. Rd1 Qf4+ 1/2-1/2

[Event "SR 2. liga A 2009/2010"]
[Site "?"]
[Date "2010.01.09"]
[Round "6.1"]
[White "Federic, Jozef"]
[Black "Tibensky, Robert"]
[Result "1/2-1/2"]
[WhiteElo "2262"]
[BlackElo "2401"]
[PlyCount "113"]
[EventDate "2009.??.??"]
[WhiteTeam "Slovakia"]
[BlackTeam "II"]
[WhiteTeamCountry "SVK"]
[BlackTeamCountry "SVK"]

1. d4 g6 2. c4 Bg7 3. Nc3 d6 4. e4 Nc6 5. Be3 e5 6. Nge2 Nh6 7. d5 Ne7 8. Nc1
Ng4 9. Bd2 f5 10. f3 Nf6 11. Bd3 O-O 12. b4 c6 13. Qb3 cxd5 14. cxd5 fxe4 15.
Bxe4 Nf5 16. O-O Nd4 17. Qc4 Qb6 18. Kh1 Bf5 19. Bxf5 Nxf5 20. Rb1 Qd4 21. Qd3
Rfc8 22. Rb3 Rc4 23. a3 Rac8 24. Nb5 Qxd3 25. Rxd3 a6 26. Nc3 Bh6 27. N3e2 Bxd2
28. Rxd2 Ne3 29. Rg1 Nfxd5 30. Rd3 Rc2 31. g3 Kf7 32. Re1 Ke6 33. Nb3 Rb2 34.
Kg1 Nf5 35. f4 e4 36. Ned4+ Nxd4 37. Rxe4+ Kf7 38. Rexd4 Nf6 39. Rxd6 Rcc2 40.
Nd2 Ra2 41. h3 Ke7 42. R6d4 Rc7 43. g4 Rac2 44. Re3+ Kf7 45. Nf3 Re7 46. Ng5+
Ke8 47. Ne6 Rc8 48. g5 Ng8 49. Rde4 Kf7 50. Kg2 b6 51. Kf3 Rd7 52. Rd4 Rxd4 53.
Nxd4 Ne7 54. h4 Rc4 55. Rd3 Rc1 56. Kg4 Rg1+ 57. Kf3 1/2-1/2